Toutes les saveurs d'Oasis - Statistiques

Statistiques générales
  • Ce quiz a été pris 60 fois
  • Le résultat moyen est 4 sur 11
Statistiques - réponses
Saveurs d'Oasis % Correct
Tropical
93%
Orange
84%
Pomme Cassis Framboise
48%
Thé Pêche
43%
Pomme Poire
39%
Fraise Framboise
32%
Multifruits
18%
Pêche Abricot
14%
Thé Framboise Cassis
11%
Thé Mangue Passion
9%
Tropical Sans Sucres
0%
Aucun quiz correspondant
Distribution des résultats
% des personnes avec chaque résultat
Percentile par nombre de réponses
Votre historique - résultats
Vous n’avez pas pris ce quiz